000 00318nam a2200133 i 4500
001 bg
100 1 _aWAŚNIEWSKI, Tadeusz
245 0 _aMetody i kierunki analizy /
_cTadeusz Waśniewski.
260 _aSzczecin,
_c1978.
040 _cBPK
041 _apol
942 _cKS
008 s pl f |000 0 pol
999 _c18449
_d18449
856 _uhttp://koha.tu.koszalin.pl/cgi-bin/koha/opac-detail.pl?biblionumber=18449
_yKatalog online BPK